• 首页
  • 本馆介绍
  • 公告通知
  • 最新文献
  • 馆藏检索
  • 电子资源
  • 读者导购
  • 参考咨询
  • 我的图书馆
  • 登录
  • 详细信息显示
  • 放入我的书架
  • 预约/预借图书
  • 作者相关作品
  • 分类相关作品
  • 丛书相关作品
  • 出版社相关作品

书目信息

  • 表格格式
  • 工作单格式
  • 卡片格式
题名:
数据结构与算法
    
 
作者: 裘宗燕 著
分册:  
出版信息: 北京   机械工业出版社  2017.7
页数: 343页
开本: 26cm
丛书名:
单 册:
中图分类: TP311.12 , TP311.56
科图分类:
主题词: 数据结构--高等学校--教材 , 算法分析--高等学校--教材 , 软件工具--程序设计--高等学校--教材
电子资源:
ISBN: 978-7-111-52118-1
000 01293nam0 2200301 450
001 0400004701
005 20171024161415.0
010    @a978-7-111-52118-1@dCNY45.00
100    @a20150920d2017 em y0chiy50 ea
101 0  @achi
102    @aCN@b110000
105    @ay z 000yy
106    @ar
200 1  @a数据结构与算法@9shu ju jie gou yu suan fa@ePython语言描述@dData structures and algorithms in Python@f裘宗燕著@zeng
210    @a北京@c机械工业出版社@d2017.7
215    @a343页@d26cm
314    @a裘宗燕,北京大学数学学院信息科学系教授,长期从事计算机软件与理论、程序设计语言和符号计算方面的研究与教学工作。
330    @a本书基于Python语言介绍了数据结构与算法的基本知识,主要内容包括抽象数据类型和Python面向对象程序设计、线性表、字符串、栈和队列、二叉树和树、集合、排序以及算法的基本知识。本书延续问题求解的思路,从解决问题的目标来组织教学内容,注重理论与实践的并用。
510 1  @aData structures and algorithms in Python@zeng
517 1  @aPython语言描述@9python yu yan miao shu
606 0  @a数据结构@x高等学校@j教材
606 0  @a算法分析@x高等学校@j教材
606 0  @a软件工具@x程序设计@x高等学校@j教材
690    @aTP311.12@v5
690    @aTP311.56@v5
701  0 @a裘宗燕@9qiu zong yan@4著
801  0 @aCN@b91MARC@c20171024
905    @b1038910-4@dTP311.12@f5@e1207
    
    数据结构与算法:Python语言描述=Data structures and algorithms in Python/裘宗燕著.-北京:机械工业出版社,2017.7
    343页;26cm
    
    
    ISBN 978-7-111-52118-1:CNY45.00
    本书基于Python语言介绍了数据结构与算法的基本知识,主要内容包括抽象数据类型和Python面向对象程序设计、线性表、字符串、栈和队列、二叉树和树、集合、排序以及算法的基本知识。本书延续问题求解的思路,从解决问题的目标来组织教学内容,注重理论与实践的并用。
●
相关链接 在E读中查询图书 在五车中查询图书 在当当中查询图书 在豆瓣中查询图书


正题名:数据结构与算法     索取号:TP311.12/1207         预约/预借

序号 登录号 条形码 馆藏地/架位号 状态 备注
1 1038910   210389104   第二样本阅览室/ [索取号:TP311.12/1207] 在馆    
2 1038911   210389113   密集书库—计算机科学学院/ [索取号:TP311.12/1207] 在馆    
3 1038912   210389122   第三借阅区/ [索取号:TP311.12/1207] 在馆    
4 1038913   210389131   第三借阅区/ [索取号:TP311.12/1207] 在馆    
5 1038914   210389140   第三借阅区/ [索取号:TP311.12/1207] 在馆    
唐山师范学院图书馆 欢迎您!
大连网信软件有限公司© 版权所有